Con el corazón en el disparador : (Record no. 5736)
[ view plain ]
| 000 -CABECERA | |
|---|---|
| campo de control de longitud fija | 00877cam a2200229 a 4500 |
| 001 - NÚMERO DE CONTROL | |
| campo de control | 000005940 |
| 005 - FECHA Y HORA DE LA ÚLTIMA TRANSACCIÓN | |
| campo de control | 20200929151842.0 |
| 008 - DATOS DE LONGITUD FIJA--INFORMACIÓN GENERAL | |
| campo de control de longitud fija | 861121s1986 nq a 001 0cspa |
| 040 ## - FUENTE DE LA CATALOGACIÓN | |
| Centro catalogador/agencia de origen | DO-SdBNP |
| Lengua de catalogación | spa |
| Centro/agencia transcriptor | BNPHU |
| 082 ## - NÚMERO DE LA CLASIFICACIÓN DECIMAL DEWEY | |
| Número de clasificación | 972.85053 |
| Número de documento/Ítem | M828c |
| 100 1# - ENTRADA PRINCIPAL--NOMBRE DE PERSONA | |
| Nombre de persona | Morales, Arqueles, |
| Fechas asociadas al nombre | 1940-1988. |
| 9 (RLIN) | 16735 |
| 245 10 - MENCIÓN DE TÍTULO | |
| Título | Con el corazón en el disparador : |
| Resto del título | las batallas del frente interno / |
| Mención de responsabilidad, etc. | Arqueles Morales ; edición Rolando Steiner. |
| 260 ## - PUBLICACIÓN, DISTRIBUCIÓN, ETC. | |
| Lugar de publicación, distribución, etc. | Managua, Nicaragua : |
| Nombre del editor, distribuidor, etc. | Vanguardia, |
| Fecha de publicación, distribución, etc. | 1986. |
| 300 ## - DESCRIPCIÓN FÍSICA | |
| Extensión | 190 p. : |
| Otras características físicas | il. ; |
| Dimensiones | 20 cm. |
| 490 1# - MENCIÓN DE SERIE | |
| Mención de serie | Protagonistas |
| Designación de volumen o secuencia | 2 |
| 500 ## - NOTA GENERAL | |
| Nota general | Incluye notas al pie de las páginas |
| 651 #4 - PUNTO DE ACCESO ADICIONAL DE MATERIA--NOMBRE GEOGRÁFICO | |
| Nombre geográfico | Nicaragua |
| Subdivisión general | Historia |
| -- | Revoluciòn |
| Subdivisión cronológica | 1979 |
| 9 (RLIN) | 16736 |
| 651 #4 - PUNTO DE ACCESO ADICIONAL DE MATERIA--NOMBRE GEOGRÁFICO | |
| Nombre geográfico | Nicaragua |
| Subdivisión general | Historia |
| -- | Insurrecciòn Popular |
| 9 (RLIN) | 16737 |
| 610 20 - PUNTO DE ACCESO ADICIONAL DE MATERIA--NOMBRE DE ENTIDAD CORPORATIVA | |
| Nombre de entidad corporativa o nombre de jurisdicción como elemento de entrada | FRENTE SANDINISTA DE LIBERACION NACIONAL. |
| 9 (RLIN) | 16738 |
| 700 1# - PUNTO DE ACCESO ADICIONAL--NOMBRE DE PERSONA | |
| Nombre de persona | Steiner, Rolando, |
| Término indicativo de función/relación | ed. |
| 9 (RLIN) | 16739 |
| 830 #0 - PUNTO DE ACCESO ADICIONAL DE SERIE-TÍTULO UNIFORME | |
| Título uniforme | Protagonistas ; |
| Número de parte o sección de la obra | 2 |
| 9 (RLIN) | 16740 |
| Estado de retiro | Estado de pérdida | Restricciones de uso | No para préstamo | Código de colección | Localización permanente | Ubicación/localización actual | Ubicación en estantería | Fecha de adquisición | Número de inventario | Total de préstamos | Signatura topográfica completa | Código de barras | Fecha visto por última vez | Precio válido a partir de | Tipo de ítem Koha | Número de copia |
|---|---|---|---|---|---|---|---|---|---|---|---|---|---|---|---|---|
| Excluido de préstamo | Monografías: Libros y Folletos | General | General | Depósito | 24.08.2009 | LF1 | 972.85053 M828c | 5940-10 | 25.06.2020 | 25.06.2020 | No se presta | |||||
| Extraviado | Excluido de préstamo | Monografías: Libros y Folletos | General | General | Extraviado | 05.06.2017 | LF1 | 972.85053 M828c | 5940-20 | 25.06.2020 | 25.06.2020 | No se presta | e. 2 |
